Видеоигры по краткому описанию их сюжета или лора 3 - Statistics

General Stats
  • This quiz has been taken 12 times
  • The average score is 9 of 30
Answer Stats
Описание Игра % Correct
Создай семью своей мечты, засели её в свой идеальный дом и веди их быт The Sims
91%
Игроки делятся на две команды - террористов и оперативников - и первые пытаются либо закладывать бомбы, либо удерживать заложников, а вторые, соответственно, пытаются им помешать Counter-Strike
82%
Разъярённый вседозволенностью богов Олимпа силач бросает им вызов God of War
64%
Несколько команд уличных гонщиков соревнуются между собой за влияние над местным мегаполисом Need for Speed
64%
Темнокожий главный герой приезжает после долгого отсутствия в свой родной город, в бедный район, где он вырос, и узнаёт, что его мать мертва, а брат с друзьями детства организовали чёрную банду для противодействия окружающим бандам и беспределу местной полиции Grand Theft Auto: San Andreas
55%
В научной лаборатории открыли способ перемещения людей и предметов удалённо от места назначения Portal
55%
Продолговатое существо ищет фрукты, с помощью которых удлиняет своё тело Snake
55%
В этой игре можно развить собственную форму жизни от простейшего до освоения ею космоса Spore
55%
Главный герой разрабатывает игру-симулятор жизни с милой девушкой в уютном доме, но в итоге сам попадает в свой же виртуальный мир MiSide
45%
Гражданский самолёт терпит крушение над загадочным островом, населённым дикарями и ужасными мутировавшими из людей существами The Forest
45%
Молодая ловкая и проницательная девушка-исследователь самостоятельно ищет древние гробницы и святыни в поисках сокровищ и артефактов Tomb Raider
45%
В будущем исследователи космоса наткнулись на паразитарную цивилизацию инсектоидов, которая в итоге начала порабощать человечество, смешиваясь с ним на генетическом уровне, в результате чего земную сушу покрыла мерзкая живая субстанция, практически всё разрушено, и главный герой выполняет роль одного из немногих выживших курьеров-челноков, доставляющих припасы от точки к точке, где ещё остались выжившие, обладающие хоть толикой собственного сознания Вангеры
27%
На Землю опустились аномальные заморозки, побудившие людей селиться в крупные колонии и работать над выработкой термальной энергии: одной из таких британских колоний в прииске-котловине игроку и предстоит руководить Frostpunk
27%
Воин-эльф должен спасти древнюю принцессу из лап злодея-кабана с помощью треугольного артефакта The Legend of Zelda
27%
Виртуальная азартная игра, придерживающаяся правил покера, но с учётом бонусных карт-джокеров Balatro
18%
Невероятно стильный седой охотник на демонов спускается в глубины ада, вооружённый парой револьверов и своим верным мечом из крови Devil May Cry
18%
В подвале деревенской церкви обнаруживается проход в ад, откуда к местному королю приходит дьявол и сводит его с ума Diablo
18%
Главный герой спасает Землю от межгалактической диктатуры, превратившей планету в отсталую колонию под гнётом оккупационного правительства Half-Life 2
18%
Восточный колдун похитил невесту главного героя голубых кровей, заточив того в темницу, и у него остаётся совсем немного времени, дабы её вызволить Prince of Persia
18%
Эпическая и одновременно абсурдная история борьбы японских мафиозных кланов за влияние в вымышленном районе Токио Yakuza
18%
В далёком полупустынном провинциальном городе лютует странная воздушная лихорадка Мор (Утопия)
9%
В антиутопическом киберпанковом мире будущего свирепствует непонятная эпидемия, а на улицах Нью-Йорка процветает преступность, и главный герой для борьбы с этим внедряется в подпольную организацию, с которой правительство как раз активно борется Deus Ex
9%
Спасителем мира от нашествия воинствующих инопланетян назначен перекачанный блондин с раздутым эго Duke Nukem
9%
В мрачном технократическом мире огромная мегакорпорация со своей армией строит гигантские предприятия по выкачиванию энергии из недр земли, отчего страдают местные жители и, естественно, появляются очаги активного сопротивления, в один из которых как раз внедряется солдат этой армии - суровый блондин в доспехах и с гигантским двуручным мечом за спиной Final Fantasy VII
9%
Советский Союз вторгается в Соединённые Штаты и оккупирует их, и игроку предстоит стать лидером сопротивления, одновременно руководящим группами повстанцев и самому участвующим в уличных боях за территории Freedom Fighters
9%
Ветеран войны, живущий в криминальном нищем районе крупного города, пытается пролечить свой ПТСР у психиатра, однако всё равно страдает жуткими провалами в памяти, и параллельно с этим начинает промышлять работой профессионального киллера, получая заказы анонимно Katana Zero
9%
Главный герой просто выгуливал своего пса-корги в дождь, и того внезапно унесло в сток, после чего первый решил спуститься ради его спасения в канализацию Lost in Vivo
9%
Маленькое оранжевое существо пытается пропрыгать по всем выступам каскадной кубической пирамиды и не попасться в лапы змей и скатывающихся сверху камней Q*bert
9%
Главный герой-детектив попадает на заброшенный пиратский корабль с особыми часами, способными воспроизводить некоторые статичные кадры из прошлого Return of the Obra Dinn
9%
Странная девушка живёт одна в своей квартире, отказываясь выходить на улицу, и ведёт подробные полевые записи своих блужданий по абсурдным и зловещим сновидениям Yume Nikki
9%
No matching quizzes found
Score Distribution
Percent of People with Each Score
Percentile by Number Answered
Your Score History
You have not taken this quiz